| 000 | 00546nam a22002057a 4500 | ||
|---|---|---|---|
| 003 | NALT | ||
| 005 | 20221026120313.0 | ||
| 008 | s2006 eng d | ||
| 020 | _a1904501559 | ||
| 040 | _aNALT | ||
| 041 | _aeng | ||
| 090 | _aKI12.E86 G67E 2006 | ||
| 100 | 0 | _aGormley, Laurence W. | |
| 245 | 1 | 0 | _aEU taxation law [2nd] |
| 260 | 3 |
_aRichmond, UK : _bRichmond Law & Tax, _c2006 |
|
| 300 |
_a346 p. ; _b24 cm. |
||
| 650 | 0 | 4 | _aTaxation -- Law and legislation -- European Union countries |
| 850 | _aNALT | ||
| 942 |
_cLB _2lcc |
||
| 999 |
_c49571 _d49571 |
||
| 998 |
_j109 _k นางสาวอารีรัตน์ วิชาช่าง |
||